Strzelcy goli w finale UCL 2025 - Statystyki

Ogólne statystyki
  • Ten quiz został rozwiązany 42 razy
  • Średni wynik to 4 z 5
Statystyki odpowiedzi
Minuta Strzelec % Poprawnych
20' D. Doué
100%
63' D. Doué
100%
12' A. Hakimi
73%
86' S. Mayulu
57%
73' C. Kwaracchelia
27%
Nie znaleziono quizów pasujących do podanych kryteriów
Rozkład punktacji
Procent ludzi z każdym wynikiem
Percentyl według liczby udzielonych odpowiedzi
Twoja historia wyników
Nie rozwiązałeś tego quizu